| 000 | 01073nam a22002655i 4500 | ||
|---|---|---|---|
| 001 | 168992 | ||
| 003 | ES-MaACL | ||
| 005 | 20250830020105.0 | ||
| 008 | 080717s2008 sp |||| | spa d | ||
| 020 | _a978-84-7914-924-6 | ||
| 080 | _a23 | ||
| 100 | 1 |
_aJuan Duns Escoto _cBeato. _967117 |
|
| 245 | 1 | 0 |
_aJesucristo y María _b: Ordinatio III, Distinciones 1-17 y Lectura III, Distinciones 18-22 / _cdirección, presentación e introducción general de José Antonio Merino ; traducción del texto latino y comentarios de Alejandro Villalmonte. |
| 260 |
_aMadrid : _bBiblioteca de Autores Cristianos, _c2008. |
||
| 300 |
_aLXVIII, 346 p. ; _c20 cm. |
||
| 490 | 1 |
_aBiblioteca de autores cristianos ; _v674 |
|
| 650 | 1 | 4 |
_aCristología. _911443 |
| 650 | 0 | 4 |
_aMariología. _914794 |
| 650 | 0 | 7 |
_aTeología dogmática _2embne _917468 |
| 700 | 1 |
_aMerino, José Antonio. _980520 |
|
| 700 | 0 |
_aAlejandro de Villalmonte _c(O.F.M. Cap.) _9146594 |
|
| 830 | 0 | 0 |
_aBiblioteca de autores cristianos _v674 _9178679 |
| 852 | 4 |
_aES-MaACL _jJ-661 _9R.143801 |
|
| 999 |
_c168992 _d168992 |
||